000 00676nam a2200193Ia 4500
008 151121s9999||||xx |||||||||||||| ||und||
082 _a834/आनंद
082 _bHNW-8046
100 _aआनंद मुल्कराज
245 _aइन्सान की कहानी
260 _b"राजकमल प्रकाशन प्रा। लि।, दिल्ली।"
260 _c--
300 _a178
600 _aआनंद मुल्कराज
630 _aइन्सान की कहानी
700 _aआनंद मुल्कराज
730 _aइन्सान की कहानी
942 _cBOOK
999 _c1214614
_d1214611